Oscars du Meilleur Film – Mort subite - Statistiques

Statistiques générales
  • Ce quiz a été pris 304 fois
  • Le résultat moyen est 10 sur 21
Answers on the Grid
Answers color-coded by a green-red scale on the quiz's grid according to % correct below.
Driving Miss Daisy
Argo
Everything Everywhere All at Once
Anora
Oppenheimer
CODA
Nomadland
Parasite
The Shape of Water
Moonlight
Spotlight
Birdman
12 Years a Slave
The Artist
The King’s Speech
Gladiator
Titanic
Forrest Gump
Schindler’s List
The Godfather
Ben-Hur
La La Land
Avatar
Inception
Pulp Fiction
Joker
Mad Max: Fury Road
Citizen Kane
 
Statistiques - réponses
Réponse % Correct
Oppenheimer
58%
Titanic
57%
Parasite
56%
The Artist
56%
Schindler’s List
54%
Everything Everywhere All at Once
53%
Forrest Gump
52%
Ben-Hur
49%
Gladiator
48%
The King’s Speech
48%
The Godfather
47%
Moonlight
46%
12 Years a Slave
42%
Anora
42%
Birdman
41%
The Shape of Water
38%
Argo
37%
Nomadland
37%
CODA
36%
Spotlight
29%
Driving Miss Daisy
26%
Aucun quiz correspondant
Distribution des résultats
% des personnes avec chaque résultat
Percentile par nombre de réponses
Votre historique - résultats
Vous n’avez pas pris ce quiz